Statistics for Countries but They are Spelled Backward

Click here to take the quiz!

General Stats

  • This quiz has been taken 9 times
  • The average score is 18 of 20

Answer Stats

tniHAnswer% Correct
adanaCCanada
100%
dnalniFFinland
100%
aidnIIndia
100%
dnalerIIreland
100%
ocixeMMexico
100%
aciremA fo setatS detinUUnited States of America
100%
anivogezreH dna ainsoBBosnia and Herzegovina
86%
aihcezCCzechia
86%
aisenorciM fo setatS detaredeFFederated States of Micronesia
86%
itabiriKKiribati
86%
natszygryKKyrgyzstan
86%
racsagadaMMadagascar
86%
iwalaMMalawi
86%
ainodecaM htroNNorth Macedonia
86%
aibarA iduaSSaudi Arabia
86%
sdnalsI nomoloSSolomon Islands
86%
natsikebzUUzbekistan
86%
amanaPPanama
71%
siveN dna sttiK tniaSSaint Kitts and Nevis
71%
senidanerG eht dna tnecniV tniaSSaint Vincent and the Grenadines
71%

Score Distribution

Percentile by Number Answered

Percent of People with Each Score

Your Score History

You have not taken this quiz